000 01444nam a22002775i 4500
001 165913
003 ES-MaACL
005 20251013213706.0
008 990628s1848 fr |||| |dfre d
040 _aCCPB | B
_bspa
_cCCPB | B
245 0 0 _aSur la législation et le commerce des grains /
_cNecker. Dialogues sur le commerce des grains / Galiani. Quelle influence ont les diverses espèces d'impots sur la moralité, l'activité et l'industrie des peuples / Montyon. Lettres sur la défense de l'usure / J. Bentham ; précédés de notices historiques ... et accompagnés de commentaires et de notes explicatives par Gust. de Molinari.
260 _aParis :
_bchez Guillaumin et Ce,
_c1848.
300 _a[2], 592 p. ;
_c25 cm.
490 1 _aMélanges d'économie politique
597 _aCada obra, con antep. propia.
650 0 7 _aEconomía
_2embne
_912006
700 1 1 _aBentham, Jeremy.
_927787
700 1 _aNecker, Jacques (
_d1732-1804)
_9154510
700 1 _aGaliani, Ferdinando (
_d1728-1787)
_9154511
700 1 _aMontyon, Antoine-Jean-Baptiste-Robert Auget,
_cbaron de,
_d1733-1820
_9154512
700 1 _aMolinari, Gustave de,
_d1819-1912
_9130029
830 0 _aMélanges d'économie politique
_9222504
852 _aES-MaACL
_jG-14362
_z-- Enc. hol.
_x-- Edic.: El imp. es: Saint-Germain en Laye : Imprimerie de Beau -- Es el nº 2 de la serie
852 _aES-MaACL
_jG-5721
_z-- Enc. tela
999 _c165913
_d165913